Statistiche per Città e Regioni - Quiz n°21

Clicka qui per fare il quiz!

Statistiche generali

  • Questo quiz è stato fatto 72 volte
  • Il punteggio medio è 8 su 10

Statistiche sulle risposte

HintRisposta% Corretto
BolognaEmilia-Romagna
100%
SassariSardegna
98%
RiccioneEmilia-Romagna
93%
CrotoneCalabria
89%
SavonaLiguria
89%
CivitavecchiaLazio
86%
CremaLombardia
86%
AcerraCampania
70%
SarzanaLiguria
52%
San Giorgio a CremanoCampania
41%

Distribuzione punteggi

Percentile per numero di risposta

Percentuale di utenti per punteggio

I tuoi punteggi nel tempo

Non hai fatto questo quiz